| 000 | 00385nam a2200157Ia 4500 | ||
|---|---|---|---|
| 008 | 230917s9999||||xx |||||||||||||| ||und|| | ||
| 040 |
_e123108 _aMAIN |
||
| 041 | _aEnglish | ||
| 082 | _a005.74 D451I | ||
| 100 | _aDesai, Bipin C | ||
| 245 | 0 | _aIntroduction to database systems | |
| 250 | _aRev. ed. | ||
| 260 |
_aNew Delhi _bGalgotia _c2006 |
||
| 300 | _axx, 934 p. | ||
| 942 | _cBK | ||
| 999 |
_c143164 _d143164 |
||